A treatise on spherical trigonometry, and its application to geodesy and astronomy (Record no. 30345)
[ view plain ]
| 000 -LEADER | |
|---|---|
| fixed length control field | 00717 a2200193 4500 |
| 020 ## - INTERNATIONAL STANDARD BOOK NUMBER | |
| International Standard Book Number | PIBN 1000145404 |
| 082 ## - DEWEY DECIMAL CLASSIFICATION NUMBER | |
| Classification number | 514 |
| 090 ## - LOCALLY ASSIGNED LC-TYPE CALL NUMBER (OCLC); LOCAL CALL NUMBER (RLIN) | |
| -- | 1738 |
| -- | 1738 |
| 100 ## - MAIN ENTRY--PERSONAL NAME | |
| Personal name | Casey, John |
| 245 ## - TITLE STATEMENT | |
| Title | A treatise on spherical trigonometry, and its application to geodesy and astronomy |
| Remainder of title | with numerous examples |
| Statement of responsibility, etc. | John Casey |
| Name of part/section of a work | SNSVolume 1 of 2 |
| 250 ## - EDITION STATEMENT | |
| Edition statement | 1889 |
| 260 ## - PUBLICATION, DISTRIBUTION, ETC. | |
| Place of publication, distribution, etc. | London |
| Name of publisher, distributor, etc. | Dublin: Hodges, Figgis & Co. |
| Date of publication, distribution, etc. | 1889 |
| 300 ## - PHYSICAL DESCRIPTION | |
| Extent | 165 |
| 490 ## - SERIES STATEMENT | |
| Series statement | Classical Reprint Series - Forgotten Books |
| 800 ## - SERIES ADDED ENTRY--PERSONAL NAME | |
| Dates associated with a name | 2013 |
| 830 ## - SERIES ADDED ENTRY--UNIFORM TITLE | |
| Uniform title | Classical Reprint Series - Forgotten Books |
| 942 ## - ADDED ENTRY ELEMENTS (KOHA) | |
| Institution code [OBSOLETE] | SNS |
| Koha item type | Book |
| Call number prefix | 514 CAS |
| Withdrawn status | Lost status | Damaged status | Not for loan | Permanent Location | Current Location | Date acquired | Total Checkouts | Full call number | Barcode | Date last seen | Date last checked out | Price effective from | Koha item type |
|---|---|---|---|---|---|---|---|---|---|---|---|---|---|
| School of Natural Sciences (SNS) | School of Natural Sciences (SNS) | 05/26/2016 | 1 | 514 CAS | SNS0002061 | 11/22/2022 | 09/02/2019 | 05/26/2016 | Book |
